00756nam 22002053 4500001000700000090001100007100004100018200003300059210003500092215003900127225002300166300009700189606003800286675002500324700004100349801001800390830002900408990001100437995010200448202862 a202862 a20240306d u||y0pory50 ba aExíliofAlberto de Lacerda aLisboacPortugáliadimp.1963 aXLVII,144, [3] p.cbrochadod21 cm aPoetas de hojev13 aContém dedicatória na folha de rosto Notas do Prof. Dr. Almeida Faria na folha de guarda 923aLiteratura PortuguesaxPoesia a821.134.3-1vPTzpor 95861aLacerdabAlberto def1928-2007 aPTbBMMNgRPC cAna FalardofAna Falardo cLIVROS 002052026-07-03932674bBMMNf32384k821.134.3-1 LAC|SAFo0rLIVROSuAcesso CondicionadosOferta